Lighting in early Byzantium /
المؤلف الرئيسي:
مؤلف مشترك:
مؤلفون آخرون:
التنسيق: كتاب
اللغة: English
منشور في:
Washington, D.C. : [Cambridge, Mass.] :
Dumbarton Oaks Research Library and Collection ; Distributed by Harvard University Press,
2008.
سلاسل:
Publications (Byzantine Collection (Dumbarton Oaks)) ;
11.
الموضوعات:
الوسوم: إضافة وسم
رقم الطلب: TP716 .B68
| LEADER | 01235nam a22002777a 4500 | ||
|---|---|---|---|
| 003 | OSt | ||
| 005 | 20251124132034.0 | ||
| 008 | 251124t2008 dcua b 000 0 eng d | ||
| 020 | |a 9780884023173 | ||
| 040 | |c ARCE Library | ||
| 050 | 1 | 4 | |a TP716 |b .B68 |
| 100 | 1 | |a Boura, Laskarina. | |
| 245 | 1 | 0 | |a Lighting in early Byzantium / |c Laskarina Bouras, Maria G. Parani. |
| 264 | 1 | |a Washington, D.C. : |b Dumbarton Oaks Research Library and Collection ; |a [Cambridge, Mass.] : |b Distributed by Harvard University Press, |c 2008. | |
| 300 | |a xiii, 118 p. : |b ill. (chiefly col.) ; |c 27 cm. | ||
| 490 | 0 | |a Publications (Byzantine Collection (Dumbarton Oaks)) ; |v 11. | |
| 504 | |a Includes bibliographical references (p. 107-116). | ||
| 505 | 0 | |a Foreword Appreciation Acknowledgments How Oil Lamps Work Types of Lighting Devices Note to the Reader Introduction Uses of Lights Catalogue Bibliography Illustration Credits Abbreviations Symbolic Decoration The Lighting System of Hagia Sophia in Constantinople. | |
| 650 | 0 | |a Byzantine Empire. | |
| 650 | 0 | |a Lighting -- Byzantine Empire -- History. | |
| 650 | 0 | |a Lighting. | |
| 700 | 1 | |a Parani, Maria G. | |
| 710 | 2 | |a Dumbarton Oaks. | |
| 901 | |a reviewed | ||
| 942 | |2 lcc |c BK | ||
| 999 | |c 49298 |d 49298 | ||
